[Event "Pardubice Infinity op 19th"]
[Site "Pardubice"]
[Date "2008.07.16"]
[Round "7"]
[White "Ageichenko, Genadi A"]
[Black "Orlyanskaya, Darya"]
[Result "1/2-1/2"]
[WhiteElo "2384"]
[BlackElo "2054"]
[PlyCount "119"]
[EventDate "2008.07.11"]
[EventType "swiss"]
[EventRounds "7"]
[EventCountry "CZE"]
[SourceTitle "CBM 125 Extra"]
[Source "ChessBase"]
[SourceDate "2008.09.01"]
[SourceVersion "1"]
[SourceVersionDate "2008.09.01"]
[SourceQuality "1"]

1. e4 c5 2. Nf3 Nc6 3. d4 cxd4 4. Nxd4 Nf6 5. Nc3 e5 6. Ndb5 d6 7. Bg5 a6 8. Na3 b5 9. Nd5 Be7 10. Bxf6 Bxf6 11. c3 0-0 12. Nc2 Rb8 13. Qd3 a5 14. a3 Bg5 15. Be2 Be6 16. Rd1 Qd7 17. Qg3 Bd8 18. 0-0 Kh8 19. b4 g6 20. f4 exf4 21. Rxf4 Bxd5 22. Rxd5 Ne7 23. Rd3 f5 24. Nd4 Bb6 25. Kh1 fxe4 26. Rxe4 Bxd4 27. cxd4 Qf5 28. Qf3 Qg5 29. Qe3 Qxe3 30. Rdxe3 Nd5 31. Rb3 Rfe8 32. Rxe8+ Rxe8 33. Rb2 axb4 34. axb4 Nxb4 35. Rxb4 Rxe2 36. h3 Rd2 37. Rxb5 Rxd4 38. Rb7 Rf4 39. Rd7 Rf6 40. g4 g5 41. Kg2 h6 42. h4 Kg8 43. Kg3 Kf8 44. hxg5 hxg5 45. Kg2 Rg6 46. Kf3 Ke8 47. Ra7 Rf6+ 48. Ke4 Rf7 49. Ra5 Rf4+ 50. Kd5 Ke7 51. Ra6 Rxg4 52. Rxd6 Kf7 53. Ke5 Rf4 54. Ra6 Rf1 55. Rb6 Kg7 56. Ra6 Kh7 57. Rb6 Rf7 58. Ra6 Rg7 59. Kf5 g4 60. Kf4 1/2-1/2

[Event "Pardubice Infinity op 19th"]
[Site "Pardubice"]
[Date "2008.07.13"]
[Round "3"]
[White "Orlyanskaya, Darya"]
[Black "Snorek, Milan"]
[Result "1-0"]
[WhiteElo "2054"]
[BlackElo "2171"]
[PlyCount "113"]
[EventDate "2008.07.11"]
[EventType "swiss"]
[EventRounds "7"]
[EventCountry "CZE"]
[SourceTitle "CBM 125 Extra"]
[Source "ChessBase"]
[SourceDate "2008.09.01"]
[SourceVersion "1"]
[SourceVersionDate "2008.09.01"]
[SourceQuality "1"]

1. e4 e5 2. Nf3 Nf6 3. Nxe5 d6 4. Nf3 Nxe4 5. Nc3 Nxc3 6. dxc3 Nd7 7. Bc4 Be7 8. Be3 0-0 9. Qd2 Ne5 10. Nxe5 dxe5 11. 0-0-0 Qxd2+ 12. Rxd2 Bd6 13. Rhd1 Bf5 14. Bd5 Bc8 15. f3 Re8 16. c4 Bb4 17. c3 Bf8 18. c5 c6 19. Bb3 Be7 20. Re2 Kf8 21. Bf2 Bf5 22. Bc2 Bg5+ 23. Be3 Bxc2 24. Kxc2 Bxe3 25. Rxe3 Re7 26. Rde1 Rae8 27. Re4 f6 28. Rd1 g5 29. g4 Kf7 30. h4 h6 31. Ra4 a6 32. Rb4 Rc7 33. h5 Ke7 34. Rd6 Rd8 35. Rxd8 Kxd8 36. Kd3 Ke7 37. Ke4 Ke6 38. Rb6 Rd7 39. b4 Rf7 40. a4 f5+ 41. gxf5+ Rxf5 42. Rxb7 Rf4+ 43. Ke3 Rh4 44. Rc7 Kd5 45. Kd3 e4+ 46. fxe4+ Ke5 47. Rxc6 Rxh5 48. Rg6 Rh3+ 49. Kc4 Rh4 50. c6 Rxe4+ 51. Kc5 Kf5 52. Rxh6 g4 53. c7 Re8 54. Kd6 g3 55. Rh1 Rg8 56. Kd7 Rg7+ 57. Kc6 1-0

[Event "UKR-ch U20 Girls"]
[Site "Odessa"]
[Date "2008.03.11"]
[Round "7"]
[White "Babiy, Olga"]
[Black "Orlyanskaya, Darya"]
[Result "1-0"]
[WhiteElo "2231"]
[BlackElo "2100"]
[PlyCount "67"]
[EventDate "2008.03.05"]
[EventType "tourn"]
[EventRounds "11"]
[EventCountry "UKR"]
[EventCategory "1"]
[SourceTitle "CBM 123 Extra"]
[Source "ChessBase"]
[SourceDate "2008.05.06"]
[SourceVersion "1"]
[SourceVersionDate "2008.05.06"]
[SourceQuality "1"]

1. e4 c5 2. Nc3 a6 3. Nf3 b5 4. d4 cxd4 5. Nxd4 e6 6. Bd3 Bb7 7. 0-0 Qc7 8. Kh1 Nf6 9. Qe2 Be7 10. e5 Nd5 11. Nxd5 Bxd5 12. f4 d6 13. f5 dxe5 14. fxe6 fxe6 15. Qh5+ Kd7 16. Bg5 Nc6 17. Nxc6 g6 18. Qg4 Kxc6 19. Rf7 Rae8 20. Qh4 Kd6 21. Bxe7+ Qxe7 22. Rxe7 Rxe7 23. Qb4+ Kd7 24. a4 e4 25. Bxe4 Rb8 26. Rd1 Ke8 27. Bxd5 exd5 28. Qd4 Rc8 29. axb5 axb5 30. h3 Rxc2 31. Qh8+ Kd7 32. Rxd5+ Kc6 33. Qd4 Re6 34. Rd8 1-0

[Event "UKR-ch U20 Girls"]
[Site "Odessa"]
[Date "2008.03.10"]
[Round "6"]
[White "Orlyanskaya, Darya"]
[Black "Tsirulnik, Maritsa"]
[Result "1/2-1/2"]
[WhiteElo "2100"]
[BlackElo "2060"]
[PlyCount "70"]
[EventDate "2008.03.05"]
[EventType "tourn"]
[EventRounds "11"]
[EventCountry "UKR"]
[EventCategory "1"]
[SourceTitle "CBM 123 Extra"]
[Source "ChessBase"]
[SourceDate "2008.05.06"]
[SourceVersion "1"]
[SourceVersionDate "2008.05.06"]
[SourceQuality "1"]

1. e4 c5 2. Nf3 e6 3. d4 cxd4 4. Nxd4 a6 5. Nc3 b5 6. Bd3 Bb7 7. 0-0 Qc7 8. Qe2 d6 9. Bd2 Nd7 10. a4 bxa4 11. Nxa4 Ngf6 12. Nb3 Be7 13. Nc3 Qb6 14. Be3 Nc5 15. Ra2 0-0 16. Rfa1 Rfb8 17. Bxc5 dxc5 18. Bxa6 Bxa6 19. Rxa6 Rxa6 20. Rxa6 Qc7 21. Ra4 Nd7 22. g3 Nb6 23. Ra2 c4 24. Nd4 Bf6 25. Qe3 Qc5 26. Nce2 Rd8 27. c3 h6 28. Kf1 Nd7 29. Kg2 Qb6 30. Nc1 Ne5 31. Nc2 Qb7 32. Nb4 Qb5 33. Ra1 Be7 34. Nca2 Nd3 35. Nxd3 cxd3 1/2-1/2

[Event "UKR-ch U20 Girls"]
[Site "Odessa"]
[Date "2008.03.07"]
[Round "3"]
[White "Orlyanskaya, Darya"]
[Black "Chulivska, Vita"]
[Result "0-1"]
[WhiteElo "2100"]
[BlackElo "2291"]
[PlyCount "144"]
[EventDate "2008.03.05"]
[EventType "tourn"]
[EventRounds "11"]
[EventCountry "UKR"]
[EventCategory "1"]
[SourceTitle "CBM 123 Extra"]
[Source "ChessBase"]
[SourceDate "2008.05.06"]
[SourceVersion "1"]
[SourceVersionDate "2008.05.06"]
[SourceQuality "1"]

1. e4 c5 2. Nf3 d6 3. c3 Nf6 4. Be2 Nc6 5. d4 cxd4 6. cxd4 Nxe4 7. d5 Qa5+ 8. Nc3 Nxc3 9. bxc3 Ne5 10. Nxe5 dxe5 11. 0-0 Bf5 12. Qb3 0-0-0 13. c4 e6 14. Bb2 f6 15. dxe6 Bxe6 16. Bc3 Qa3 17. Qc2 g6 18. Bb2 Qd6 19. c5 Qc6 20. Ba3 Bh6 21. Qc3 Bd2 22. Qb2 Ba5 23. Bb5 Qc7 24. c6 b6 25. Bb4 Bxb4 26. Qxb4 Rd4 27. Qc3 Qd6 28. a4 Qb4 29. Qf3 Rf4 30. Qe3 Rd8 31. g3 Rfd4 32. Qf3 Rf8 33. Rfb1 Qa5 34. c7 Bd5 35. Qa3 Rf7 36. Qd6 Rxc7 37. Qxf6 Kb7 38. Qxe5 Qc3 39. Qe3 Qxe3 40. fxe3 Rd2 41. Rd1 Rg2+ 42. Kf1 Rf7+ 43. Ke1 Bf3 44. Rdc1 Rxh2 45. Ra3 Rg2 46. Rac3 Rxg3 47. Kd2 Rg2+ 48. Kd3 Be2+ 49. Kd4 Bxb5 50. axb5 Rg5 51. Rb3 Rd7+ 52. Ke4 Re7+ 53. Kf3 h5 54. Rb4 Rf5+ 55. Ke2 Rfe5 56. Rb3 g5 57. Rh1 g4 58. Rf1 g3 59. Rf4 Rg7 60. Kf1 Rc5 61. Rb1 Rc2 62. Rh4 Rh2 63. Rxh2 gxh2 64. Kf2 Rg1 65. Rxg1 hxg1Q+ 66. Kxg1 a5 67. bxa6+ Kxa6 68. e4 Kb7 69. Kf2 b5 70. e5 Kc6 71. Ke3 Kd5 72. Kf4 Ke6 0-1

[Event "UKR-ch U20 Girls"]
[Site "Odessa"]
[Date "2008.03.06"]
[Round "2"]
[White "Dolzhikova, Kateryna"]
[Black "Orlyanskaya, Darya"]
[Result "1-0"]
[WhiteElo "2308"]
[BlackElo "2100"]
[PlyCount "114"]
[EventDate "2008.03.05"]
[EventType "tourn"]
[EventRounds "11"]
[EventCountry "UKR"]
[EventCategory "1"]
[SourceTitle "CBM 123 Extra"]
[Source "ChessBase"]
[SourceDate "2008.05.06"]
[SourceVersion "1"]
[SourceVersionDate "2008.05.06"]
[SourceQuality "1"]

1. e4 c5 2. Nf3 Nc6 3. Bb5 Nf6 4. Nc3 a6 5. Bxc6 dxc6 6. 0-0 Bg4 7. Re1 Nd7 8. h3 Bxf3 9. Qxf3 e5 10. d3 Be7 11. Qg3 Bf6 12. Nd1 Qe7 13. Ne3 g6 14. Bd2 Bh4 15. Qf3 Bg5 16. Bc3 0-0 17. g3 h5 18. h4 Bh6 19. Kg2 b5 20. b3 Qe6 21. a4 Nb6 22. Kh2 Nd7 23. Bb2 Nf6 24. Kg2 Rfe8 25. Ra2 Ng4 26. Nxg4 hxg4 27. Qe2 b4 28. Raa1 a5 29. Rh1 Kg7 30. h5 Bg5 31. Rh2 Rh8 32. Rah1 gxh5 33. Rxh5 Rxh5 34. Rxh5 Kg6 35. Rh1 Rg8 36. f3 gxf3+ 37. Qxf3 Kg7 38. Qf5 Qxf5 39. exf5 f6 40. Kf3 Rh8 41. Rxh8 Kxh8 42. Ke4 Bd2 43. Bxe5 fxe5 44. Kxe5 Kg7 45. g4 Be3 46. Kd6 Kf6 47. Kxc6 Kg5 48. Kb5 Bd4 49. Kxa5 Kxg4 50. Kb5 Kxf5 51. a5 Ke6 52. Kc6 Ke5 53. a6 c4 54. dxc4 Ba7 55. Kb7 Bc5 56. a7 Bxa7 57. Kxa7 Kd4 1-0

[Event "EU-ch U18 Girls 17th"]
[Site "Sibenik"]
[Date "2007.09.23"]
[Round "9"]
[White "Orlyanskaya, Darya"]
[Black "Novosadova, Kristyna"]
[Result "1-0"]
[WhiteElo "2092"]
[BlackElo "2014"]
[PlyCount "51"]
[EventDate "2007.09.14"]
[EventType "swiss"]
[EventRounds "9"]
[EventCountry "CRO"]
[SourceTitle "CBM 120 Extra"]
[Source "ChessBase"]
[SourceDate "2007.11.01"]
[SourceVersion "1"]
[SourceVersionDate "2007.11.01"]
[SourceQuality "1"]

1. e4 e5 2. Nf3 Nc6 3. Bb5 a6 4. Ba4 Nf6 5. 0-0 Be7 6. Re1 b5 7. Bb3 d6 8. h3 Na5 9. d3 Nxb3 10. axb3 0-0 11. Nc3 c5 12. Nxb5 Bxh3 13. Nxd6 Bxg2 14. Nc4 Bxf3 15. Qxf3 Nd7 16. Qg4 Re8 17. Kf1 Bf8 18. Bg5 Qc7 19. Ke2 Re6 20. Rh1 Be7 21. Bxe7 Rxe7 22. Rxh7 Kxh7 23. Qh4+ Kg8 24. Qxe7 a5 25. Rh1 Qc6 26. Nd6 1-0